| 000 | 04110nam a22004817a 4500 | ||
|---|---|---|---|
| 005 | 2010081801381.0 | ||
| 010 | _aENG-100848 B-445487-506 | ||
| 020 |
_a9788125037040 _c100.00 |
||
| 020 | _c95.00 | ||
| 035 | _aEN-84381 B-445487-506 | ||
| 037 | _bDBAD/PUB | ||
| 037 | _bAllied Pub/Ven | ||
| 082 | _aS | ||
| 245 |
_aDispelling the silence : _bstories from the commonwealth countries / _cedited by S. Shanmugiah [and] G. Baskaran |
||
| 260 |
_aHyderabad _bOrient Blackswan _c2009 |
||
| 270 |
_a3-6-752, Himayatnagar _bHyderabad _e500029 |
||
| 300 |
_a132p. _c21cm (pbk) |
||
| 700 |
_aShanmugiah, S. _915018 |
||
| 700 |
_aBaskaran, G. _915019 |
||
| 942 |
_2ddc _cEN _hS _mDIS |
||
| 999 |
_c42502 _d42502 |
||